书目信息 |
| 题名: |
从零起步学单簧管轻松入门
|
|
| 作者: | 于波 , 陈序彬 编著 | |
| 分册: | ||
| 出版信息: | 上海 上海音乐学院出版社 2015 |
|
| 页数: | 203页 | |
| 开本: | 28cm | |
| 丛书名: | 从零学音乐入门丛书 | |
| 单 册: | ||
| 中图分类: | J621.46 | |
| 科图分类: | ||
| 主题词: | 单簧管--吹奏法 | |
| 电子资源: | ||
| ISBN: | 978-7-5566-0017-5 | |
| 000 | 00955oam2 2200289 450 | |
| 001 | 340529 | |
| 005 | 20150625154528.48 | |
| 010 | @a978-7-5566-0017-5@dCNY42.00 | |
| 010 | @a7-88050-286-6@b光盘 | |
| 100 | @a20150303d2015 em y0chiy50 ea | |
| 101 | 0 | @achi |
| 102 | @aCN@b310000 | |
| 105 | @ag z 000yy | |
| 106 | @ar | |
| 200 | 1 | @a从零起步学单簧管轻松入门@Acong ling qi bu xue dan huang guan qing song ru men@f于波, 陈序彬编著 |
| 205 | @a第2版 | |
| 210 | @a上海@c上海音乐学院出版社@d2015 | |
| 215 | @a203页@d28cm@e光盘1片 | |
| 225 | 2 | @a从零学音乐入门丛书 |
| 330 | @a本书介绍了单簧管演奏的基本技法、音乐表现等, 内容包括基本乐理知识、单簧管的吹奏方法、单簧管的基本练习、节奏练习等。 | |
| 410 | 0 | @12001 @a从零学音乐入门丛书 |
| 606 | 0 | @a单簧管@x吹奏法 |
| 690 | @aJ621.46@v5 | |
| 701 | 0 | @a于波@Ayu bo@f(1957-)@4编著 |
| 701 | 0 | @a陈序彬@Achen xu bin@f(1962-)@4编著 |
| 801 | 0 | @aCN@b卓展宏图@c20150525 |
| 905 | @dJ621.46@e261=2@f4 | |
| 从零起步学单簧管轻松入门/于波, 陈序彬编著.-第2版.-上海:上海音乐学院出版社,2015 |
| 203页;28cm+光盘1片.-(从零学音乐入门丛书) |
| ISBN 978-7-5566-0017-5:CNY42.00 |
| 本书介绍了单簧管演奏的基本技法、音乐表现等, 内容包括基本乐理知识、单簧管的吹奏方法、单簧管的基本练习、节奏练习等。 |
| ● |
| 相关链接 |
|
|
|
|
正题名:从零起步学单簧管轻松入门
索取号:J621.46/261=2
 
预约/预借
| 序号 | 登录号 | 条形码 | 馆藏地/架位号 | 状态 | 备注 |
| 1 | 866037 | 208660377 | 第一样本阅览室/ [索取号:J621.46/261=2] | 在馆 | |
| 2 | 866038 | 208660386 | 第一借阅区/ [索取号:J621.46/261=2] | 在馆 | |
| 3 | 866039 | 208660395 | 第一借阅区/ [索取号:J621.46/261=2] | 在馆 | |
| 4 | 866040 | 208660402 | 密集书库-音乐系/ [索取号:J621.46/261=2] | 在馆 |